Statystyki dla Miasta wypoczynkowe według państwa

Kliknij tutaj aby rozwiązać quiz!

Ogólne statystyki

  • Ten quiz został rozwiązany 9 314 razy
  • Średni wynik to 10 z 21

Statystyki odpowiedzi

MiastoKraj% Poprawnych
IbizaHiszpania
93%
SocziRosja
86%
CannesFrancja
79%
BrightonWielka Brytania
79%
DubrownikChorwacja
73%
AntalyaTurcja
66%
JałtaUkraina / Rosja
60%
Denpasar (Bali)Indonezja
57%
CapriWłochy
51%
Szarm el-SzejkEgipt
47%
Baden-BadenNiemcy
43%
AspenStany Zjednoczone
41%
PhuketTajlandia
38%
SantorynGrecja
36%
WhistlerKanada
36%
SpaBelgia
34%
Cabo San LucasMeksyk
32%
DavosSzwajcaria
30%
Porto SeguroBrazylia
29%
Montego BayJamajka
14%
Punta del EsteUrugwaj
10%

Rozkład punktacji

Percentyl według liczby udzielonych odpowiedzi

Procent ludzi z każdym wynikiem

Twoja historia wyników

Nie rozwiązałeś tego quizu